000 00430nam a2200181Ia 4500
001 22753
005 20260414150852.0
008 260414t2018||||xx |||||||||||||| ||spa||
041 _aESP
082 _a621.47
_bC32
100 _aCasa, Miquel
_eAUT
245 0 _aInstalaciones solares fotovoltaicas
_b
260 _c2018
300 _a197 páginas :
_c27 cm.
650 _aTCA
654 _aCET
942 _cLIB
_dJUS
_fJUS
_2ddc
_n
999 _c22753
_d22753